Us States by Population - Statistics

General Stats
  • This quiz has been taken 42 times
  • The average score is 13 of 15
Answer Stats
Hint Answer % Correct
38.97 Million California
100%
22.6 Million Florida
100%
19.6 Million New York
100%
30.5 Million Texas
100%
12.5 Million Illinois
97%
11 Million Georgia
94%
7.4 Million Arizona
91%
10 Million Michigan
89%
10.8 Million North Carolina
89%
12.9 Million Pennsylvania
89%
8.7 Million Virginia
89%
11.7 Million Ohio
86%
9.3 Million New Jersey
77%
7.2 Million Tennessee
69%
7.8 Million Washington
60%
No matching quizzes found
Score Distribution
Percent of People with Each Score
Percentile by Number Answered
Your Score History
You have not taken this quiz